| 000 | 00755nam a2200193 a 4500 | ||
|---|---|---|---|
| 001 | 000060899 | ||
| 003 | AM-YEHGA | ||
| 005 | 20250617121528.0 | ||
| 008 | 991027s1957 unr||||| |||| 00| 0 rus d | ||
| 040 | _aAM-YeHGA | ||
| 041 | 0 | _arus | |
| 100 | 1 | _aСтаниславский, Франц Антонович - | |
| 245 | 1 | 0 |
_aИскопаемая флора Батско-келловейских отложений Донецкого бассейна и Днепровско-Донецкой впадины / _cФ. А. Станиславский |
| 260 |
_aКиев : _bИзд-во АН УССР _c1957 |
||
| 300 | _a130 с. | ||
| 650 | 1 | 4 | _aРастения ископаемые - Мезозой - Укр. ССР |
| 942 |
_2udc _cBK |
||
| 090 | _c17924 | ||
| 999 |
_c17775 _d17775 |
||